The diamond decades ; The golden decades / (Record no. 288605)
[ view plain ]
| 000 -LEADER | |
|---|---|
| fixed length control field | 01006cam a22002657a 4500 |
| 001 - CONTROL NUMBER | |
| control field | 16633559 |
| 003 - CONTROL NUMBER IDENTIFIER | |
| control field | PILC |
| 005 - DATE AND TIME OF LATEST TRANSACTION | |
| control field | 20150903155517.0 |
| 008 - FIXED-LENGTH DATA ELEMENTS--GENERAL INFORMATION | |
| fixed length control field | 110202s2004 ph a 000 0 eng |
| 010 ## - LIBRARY OF CONGRESS CONTROL NUMBER | |
| LC control number | 2010440369 |
| 040 ## - CATALOGING SOURCE | |
| Original cataloging agency | DLC |
| Transcribing agency | DLC |
| Modifying agency | DLC |
| 042 ## - AUTHENTICATION CODE | |
| Authentication code | lcode |
| 050 00 - LIBRARY OF CONGRESS CALL NUMBER | |
| Classification number | HG 4930 |
| Item number | .C329 2004 |
| 100 1# - MAIN ENTRY--PERSONAL NAME | |
| Personal name | Caruncho, Eric S. |
| 245 14 - TITLE STATEMENT | |
| Title | The diamond decades ; The golden decades / |
| Statement of responsibility, etc | Eric S. Caruncho. |
| 246 14 - VARYING FORM OF TITLE | |
| Title proper/short title | Malayan Insurance, 75 years of leadership |
| 246 14 - VARYING FORM OF TITLE | |
| Title proper/short title | Grepalife at 50, celebrating a great life, 1954-2004 |
| 260 ## - PUBLICATION, DISTRIBUTION, ETC. (IMPRINT) | |
| Place of publication, distribution, etc | Manila : |
| Name of publisher, distributor, etc | Malayan Insurance : |
| -- | Great Pacific Life Assurance Corp., |
| Date of publication, distribution, etc | 2004. |
| 300 ## - PHYSICAL DESCRIPTION | |
| Extent | 55 pages, 49 pages : |
| Other physical details | illustrations ; |
| Dimensions | 23 cm. |
| 500 ## - GENERAL NOTE | |
| General note | No collective title: Two works bound together back-to-back and inverted, with separate title page. |
| 700 12 - ADDED ENTRY--PERSONAL NAME | |
| Personal name | Caruncho, Eric S. |
| Title of a work | Golden decades. |
| 906 ## - LOCAL DATA ELEMENT F, LDF (RLIN) | |
| a | 7 |
| b | cbc |
| c | origode |
| d | 4 |
| e | ncip |
| f | 20 |
| g | y-gencatlg |
| 942 ## - ADDED ENTRY ELEMENTS (KOHA) | |
| Source of classification or shelving scheme | Library of Congress Classification |
| Koha item type | Books |
| Call number prefix | Filipininana |
| Withdrawn status | Lost status | Source of classification or shelving scheme | Damaged status | Home library | Current library | Shelving location | Date acquired | Source of acquisition | Sub Shelving location | Total Checkouts | Full call number | Barcode | Date last seen | Price effective from | Koha item type |
|---|---|---|---|---|---|---|---|---|---|---|---|---|---|---|---|
| Library of Congress Classification | College Library | College Library | Filipiniana Section | 09/03/2015 | Donation | HG 4930 .C329 2004 | C19913 | 05/08/2018 | 09/03/2015 | Books |